| 000 | 00949cam a2200289 a 4500 | ||
|---|---|---|---|
| 001 | 1033 | ||
| 005 | 20250422161819.0 | ||
| 020 |
_a0590324640 (pbk.) : _c$1.95 |
||
| 020 | _a9780590432665 | ||
| 040 |
_aDLC _cDLC _dDLC _beng |
||
| 050 | 0 | 0 |
_aPZ7.B69157 _bCi 1984 |
| 082 | 0 | 0 |
_a813.54 _219 |
| 100 | 1 | _aBoyd, Candy Dawson | |
| 245 | 1 | 0 |
_aCircle of gold / _cCandy Dawson Boyd. |
| 260 |
_aNew York : _bScholastic, _c1984 |
||
| 300 |
_a134 pages : _c20 cm. |
||
| 500 | _a"An Apple paperback." | ||
| 505 | _aO | ||
| 520 | _aTen-year-old Mattie copes with the loss of her father and her mixed feelings towards her mother who is under pressure to support the family. | ||
| 521 |
_a610
_bLexile |
||
| 521 |
_aO
_bRaz-Plus |
||
| 650 | 1 |
_aMothers and daughters _vFiction. |
|
| 650 | 1 |
_aSingle-parent families _vFiction. |
|
| 650 | 1 |
_aAfrican Americans _vFiction. |
|
| 906 |
_a7 _bcbc _corignew _d2 _encip _f19 _gy-gencatlg |
||
| 942 |
_2ddc _cBK _n0 |
||
| 999 |
_c1033 _d1033 |
||